| 000 | 00476cam a22001457a 4500 | ||
|---|---|---|---|
| 008 | 180718b1998 xxu||||| |||| 00| 0 eng d | ||
| 020 | _a8185952523 | ||
| 082 | _aN4x5 D537 | ||
| 100 | _aDhillon, K.S. | ||
| 245 |
_aDefenders of the establishment: ruler-supportive police forces of South Asia _cby K.S. Dhillon |
||
| 260 |
_aShimla _bIndian Institute of Advanced Study _c1998 |
||
| 300 | _a289p. | ||
| 650 | _aPolice administration - South Asia | ||
| 650 | _aPolice - South Asia | ||
| 999 |
_c391923 _d391923 |
||